| 000 -LEADER | |
|---|---|
| fixed length control field | 00438nam a22001817a 4500 |
| 005 - DATE AND TIME OF LATEST TRANSACTION | |
| control field | 20180814120227.0 |
| 008 - FIXED-LENGTH DATA ELEMENTS--GENERAL INFORMATION | |
| fixed length control field | 160531b xxu||||| |||| 00| 0 eng d |
| 020 ## - INTERNATIONAL STANDARD BOOK NUMBER | |
| ISBN | 0-07-463227-2 |
| 041 ## - LANGUAGE CODE | |
| Language code of text/sound track or separate title | eng |
| 082 ## - DEWEY DECIMAL CLASSIFICATION NUMBER | |
| Item number | 6303 |
| Classification number | 658.4 |
| 100 ## - MAIN ENTRY--AUTHOR NAME | |
| Personal name | Koontz, Harold & Weihrich, Heinz |
| 245 ## - TITLE STATEMENT | |
| Title | ESSENTIALS OF MANGEMENT |
| 250 ## - EDITION STATEMENT | |
| Edition statement | 5th ed. |
| 260 ## - PUBLICATION, DISTRIBUTION, ETC. (IMPRINT) | |
| Name of publisher | TMH |
| Year of publication | 2003 |
| Place of publication | DELHI |
| 300 ## - PHYSICAL DESCRIPTION | |
| Number of Pages | 512p, |
| 650 ## - SUBJECT ADDED ENTRY--TOPICAL TERM | |
| Topical Term | Management |
| 942 ## - ADDED ENTRY ELEMENTS (KOHA) | |
| Koha item type | Books |
| Lost status | Damaged status | Collection code | Home library | Current library | Shelving location | Date acquired | Cost, normal purchase price | Full call number | Accession Number | Koha item type |
|---|---|---|---|---|---|---|---|---|---|---|
| MANAGEMENT | JRU Library | JRU Library | SHELF-65-H | 31/05/2016 | 195.00 | 658.4 | 6303 | Books | ||
| MANAGEMENT | JRU Library | JRU Library | SHELF-65-H | 31/05/2016 | 195.00 | 658.4 | 6304 | Books | ||
| MANAGEMENT | JRU Library | JRU Library | SHELF-65-H | 31/05/2016 | 195.00 | 658.4 | 6305 | Books | ||
| MANAGEMENT | JRU Library | JRU Library | SHELF-65-H | 31/05/2016 | 195.00 | 658.4 | 6306 | Books | ||
| MANAGEMENT | JRU Library | JRU Library | SHELF-65-H | 31/05/2016 | 195.00 | 658.4 | 6307 | Books | ||
| MANAGEMENT | JRU Library | JRU Library | SHELF-65-H | 31/05/2016 | 195.00 | 658.4 | 6308 | Books | ||
| MANAGEMENT | JRU Library | JRU Library | SHELF-65-H | 31/05/2016 | 195.00 | 658.4 | 6309 | Books | ||
| MANAGEMENT | JRU Library | JRU Library | SHELF-65-H | 31/05/2016 | 195.00 | 658.4 | 6310 | Books | ||
| Reference | JRU Library | SHELF-28-F | 31/05/2016 | 195.00 | 658.4 | 6311 | Books | |||
| MANAGEMENT | JRU Library | JRU Library | SHELF-65-H | 31/05/2016 | 195.00 | 658.4 | 6312 | Books | ||
| MANAGEMENT | JRU Library | JRU Library | SHELF-65-H | 31/05/2016 | 195.00 | 658.4 | 6313 | Books | ||
| MANAGEMENT | JRU Library | JRU Library | SHELF-65-H | 31/05/2016 | 195.00 | 658.4 | 6314 | Books | ||
| MANAGEMENT | JRU Library | JRU Library | SHELF-65-H | 31/05/2016 | 195.00 | 658.4 | 6315 | Books | ||
| MANAGEMENT | JRU Library | JRU Library | SHELF-75-J | 31/05/2016 | 195.00 | 658.4 | 6316 | Books |